| 000 | 00996nam a22003017a 4500 | ||
|---|---|---|---|
| 001 | 9786210800388 | ||
| 003 | URS | ||
| 005 | 20250321011146.0 | ||
| 008 | 250213b |||||||| |||| 00| 0 eng d | ||
| 020 | _a9786210800388 | ||
| 040 |
_beng _cURS _dURS _erda _aDLC |
||
| 050 |
_aDS 663 _bB4564 2023 |
||
| 082 |
_2306.47 _bB4564 2023 |
||
| 100 | 1 |
_aBernales, Rolando A., _eauthor |
|
| 245 | 1 | 4 |
_aKulturang popular : _bpagbasa, pagsusuri at paglikha / _cRolando A. Bernales, Jonathan V. Geronimo, Jenice G. Orpeza. |
| 264 | 1 |
_aMalabon City _bMutya Publishing House, Inc _c2023 |
|
| 264 | 4 | _c©2023 | |
| 300 |
_a132 pages _c24 cm. |
||
| 336 |
_2rdacontent _atext |
||
| 337 |
_2rdamedia _aunmediated |
||
| 338 |
_2rdacarrier _avolume |
||
| 650 | 0 |
_aPopular culture _zPhilippines. |
|
| 650 | 0 |
_aLiterary criticism _zPhilippines. |
|
| 700 | 1 |
_aGeronimo, Jonathan V. _eauthor. |
|
| 700 | 1 |
_aOrpeza, Jenice G. _eauthor |
|
| 710 | 2 |
_aMutya Publishing House, Inc. _epublisher |
|
| 942 |
_2ddc _cF |
||
| 999 |
_c82289 _d82288 |
||